Milwaukee Mitchell Int. Destinations (Milwaukee, WI, USA) - Map - Statistics

General Stats
  • This quiz has been taken 27 times
  • The average score is 33 of 35
Answers on the Map
Answers color-coded by a green-red scale on the quiz's map according to % correct below.
 
Answer Stats
Destination % Correct
Atlanta
100%
Austin
100%
Boston
100%
Charlotte
100%
Chicago (Midway)
100%
Chicago (O'Hare)
100%
Dallas/Fort Worth
100%
Dallas (Love)
100%
Denver
100%
Las Vegas
100%
Minneapolis/St. Paul
100%
New York (JFK)
100%
New York (LaGuardia)
100%
Philadelphia
100%
Phoenix (Sky Harbor)
100%
Salt Lake City
100%
Seattle/Tacoma
100%
Washington (National)
100%
Baltimore
96%
Detroit
96%
Kansas City
96%
Miami
96%
Nashville
96%
Newark
96%
Orlando
96%
Cancún
92%
Houston (Intercontinental)
92%
San Diego
92%
Tampa
92%
St. Louis
88%
Fort Myers
83%
Fort Lauderdale
79%
Punta Cana
75%
Montego Bay
71%
Sarasota
67%
No matching quizzes found
Score Distribution
Percent of People with Each Score
Percentile by Number Answered
Your Score History
You have not taken this quiz